Foreign collaborations & investments in India: (Record no. 17814)

MARC details
000 -LEADER
fixed length control field 00791nam a22002297a 4500
005 - DATE AND TIME OF LATEST TRANSACTION
control field 20081020164540.0
008 - FIXED-LENGTH DATA ELEMENTS--GENERAL INFORMATION
fixed length control field 081020t xxu||||| |||| 00| 0 eng d
010 ## - LIBRARY OF CONGRESS CONTROL NUMBER
LC control number ENG-84508
020 ## - INTERNATIONAL STANDARD BOOK NUMBER
International Standard Book Number 8175345543
020 ## - INTERNATIONAL STANDARD BOOK NUMBER
Terms of availability 1295.00 (hb)
035 ## - SYSTEM CONTROL NUMBER
System control number EN-68041
082 ## - DEWEY DECIMAL CLASSIFICATION NUMBER
Classification number 346.54092 / SIN
100 ## - MAIN ENTRY--PERSONAL NAME
Personal name Singhania, D C
245 ## - TITLE STATEMENT
Title Foreign collaborations & investments in India:
Remainder of title law and procedures /
Statement of responsibility, etc by D C Singhania
250 ## - EDITION STATEMENT
Edition statement 2nd ed
260 ## - PUBLICATION, DISTRIBUTION, ETC. (IMPRINT)
Place of publication, distribution, etc Delhi
Name of publisher, distributor, etc Universal Law Publishing
260 ## - PUBLICATION, DISTRIBUTION, ETC. (IMPRINT)
Date of publication, distribution, etc 2006
300 ## - PHYSICAL DESCRIPTION
Extent xlix,1362p
Dimensions 24cm
500 ## - GENERAL NOTE
General note Includes index
942 ## - ADDED ENTRY ELEMENTS (KOHA)
Source of classification or shelving scheme Dewey Decimal Classification
Koha item type English Books
Classification part 346.54092
Call number suffix SIN
Holdings
Withdrawn status Lost status Source of classification or shelving scheme Damaged status Not for loan Home library Current library Date acquired Cost, normal purchase price Total Checkouts Full call number Barcode Date last seen Copy number Cost, replacement price Price effective from Koha item type
    Dewey Decimal Classification   Not For Loan D.B.Act.Division D.B.Act.Division 08/03/2007 1295.00   346.54092 SIN EN-68041 04/11/2008 1 1295.00 04/11/2008 English Books

© Delhi Public Library
Hit Counter
free hit counter